Cuadernos del sur 17 /

Guardado en:
Formato: Libro
Publicado: Bah¡a Blanca : Departamento de humanidades, 1984
Series:Cuadernos del sur, 17
Materias:
Etiquetas: Agregar Etiqueta
Sin Etiquetas, Sea el primero en etiquetar este registro!
LEADER 00487nam a22001695a 4500
001 CEM.cems006979
005 20060214000000.0
008 130507s1984##################000#0#####d
003 CEMS
082 0 4 |a 001.3 
245 0 0 |a Cuadernos del sur 17 / 
260 |a Bah¡a Blanca :  |b Departamento de humanidades,  |c 1984 
300 |a 204 p. 
490 0 |a Cuadernos del sur, 17 
653 |a Generacion del 40 
653 |a Novela romantica 
859 |a CEMS  |b BIB. CEMS - 11 de abril  |h 001.3  |i C891-17  |p 14334.86  |t Ej.1